|
|
|
|
| LEADER |
01388nam a2200325 a 4500 |
| 001 |
15921905 |
| 008 |
120704s2010 caua b 001 0 eng d |
| 010 |
|
|
|a 2009937936
|
| 020 |
|
|
|a 9781848607316 (hbk.)
|
| 020 |
|
|
|a 1848607318 (hbk.)
|
| 020 |
|
|
|a 9781848607323 (pbk.)
|
| 020 |
|
|
|a 1848607326 (pbk.)
|
| 040 |
|
|
|a UKM
|c UKM
|d BTCTA
|d YDXCP
|d C#P
|d CDX
|d DEBBG
|d COH
|d RRP
|d VRC
|d DLC
|d BD-DhAAL
|
| 042 |
|
|
|a lccopycat
|
| 050 |
0 |
0 |
|a TS155
|b .L3647 2010
|
| 082 |
0 |
4 |
|a 658.5
|2 22
|
| 100 |
1 |
|
|a Leseure, Michel.
|
| 245 |
1 |
0 |
|a Key concepts in operations management /
|c Michel Leseure.
|
| 246 |
1 |
8 |
|a Operations management
|
| 260 |
|
|
|a Los Angeles :
|b SAGE,
|c 2010.
|
| 300 |
|
|
|a viii, 304 p. :
|b ill. ;
|c 22 cm.
|
| 490 |
1 |
|
|a SAGE key concepts
|
| 504 |
|
|
|a Includes bibliographical references and index.
|
| 541 |
|
|
|e 00025556
|
| 520 |
|
|
|a "Over 50 concept entries include: Operations Strategy, Managing Innovation, Process Modeling, New Product Development, Forecasting, Planning and Control, Supply Chain Management, Risk Management and many more."--Publisher.
|
| 650 |
|
0 |
|a Production management.
|
| 830 |
|
0 |
|a SAGE key concepts.
|
| 852 |
1 |
|
|a Ayesha Abed Library
|c General shelf.
|
| 999 |
|
|
|c 12499
|d 12499
|
| 952 |
|
|
|0 0
|1 0
|2 ddc
|4 0
|6 658_500000000000000_LES
|7 0
|9 20657
|a IGS
|b IGS
|c GEN
|d 2012-07-03
|e karim International
|g 2250.00
|l 1
|m 3
|o 658.5 LES
|p 3010025556
|r 2014-06-09
|s 2012-12-31
|t 1
|w 2012-07-05
|y BK
|